Administración estratégica en momentos de alta inflación (Registro nro. 17325)

Detalles MARC
000 -LEADER
fixed length control field 00390 a2200121 4500
001 - CONTROL NUMBER
control field ART_2356
005 - DATE AND TIME OF LATEST TRANSACTION
control field 20260410161725.0
008 - FIXED-LENGTH DATA ELEMENTS--GENERAL INFORMATION
fixed length control field 260409a
100 1# - MAIN ENTRY--PERSONAL NAME
Personal name Serra, Roberto
245 10 - TITLE STATEMENT
Title Administración estratégica en momentos de alta inflación
700 1# - ADDED ENTRY--PERSONAL NAME
Personal name Hermida, Jorge Alfredo
773 0# - HOST ITEM ENTRY
Title Administración de empresas
Related parts - Año XVI, Nº 183 (jun. 1985)
Record control number REV2036

No hay ítems disponibles.